000 00369nam a2200145Ia 4500
008 191201s2018 xx 000 0 und d
082 _a615.32 YAT
100 _aYadav, Adhikraov
245 0 _aText Book of Phytopharmaceuticals
260 _bNirali Prakashan
_aNew Delhi
_c2018
300 _aMisc.
650 _aPathology
700 _aJadhav & Kadam
942 _2ddc
_cBK
999 _c8390
_d8390